000 00748cam a2200229 a 4500
001 1880179
005 20250725085647.0
008 831102m19831985ilua 000 0 eng
020 _a0882078127
_qv. 1
020 _a0882078135
_qv. 2
020 _a9780882078120
_q(v. 1)
020 _a9780882078137
_q(v. 2)
050 0 0 _aBS491.2
_b.B48 1983
082 0 0 _a225/.7
_219
245 0 4 _aThe Bible knowledge commentary :
_ban exposition of the scriptures /
_cby Dallas Seminary faculty ; editors, John F. Walvoord, Roy B. Zuck.
260 _aWheaton, Ill. :
_bVictor Books,
_cc1983-c1985.
300 _a2 v. :
_bill. ;
_c25 cm.
700 1 _aWalvoord, John F.
700 1 _aZuck, Roy B.
710 2 _aDallas Theological Seminary.
942 _2lcc
_cBK
_n0
999 _c7157
_d7157